Normal view
MARC view
- AEROSPACE ENGINEERING- VOCATIONAL GUIDANCE
Entry Topical Term
001 - CONTROL NUMBER
- control field: 62199
003 - CONTROL NUMBER IDENTIFIER
- control field: NUST
005 - DATE AND TIME OF LATEST TRANSACTION
- control field: 20210628202907.0
008 - FIXED-LENGTH DATA ELEMENTS
- fixed length control field: 210628|| aca||aabn | a|a d
040 ## - CATALOGING SOURCE
- Original cataloging agency: NUST
- Transcribing agency: NUST
150 ## - HEADING--TOPICAL TERM
- Topical term or geographic name entry element: AEROSPACE ENGINEERING- VOCATIONAL GUIDANCE
670 ## - SOURCE DATA FOUND
- Source citation: Work cat.: (NUST): Longuski, Jim 62198, Advice to rocket scientists a career survival guide for scientists and engineers, 2004
